000 00500cam a2200181ua 4500
020 _a81 85623 71 6
_c176.00
041 _aeng
_h
082 _a005.43
_bMAN/UN
100 _aManger, Jason J .
245 _aUnix The complete book : a guide for the professional users /
_cJason J Manger.
_hTextual Documents
250 _a1 /
_b.
260 _a :
_bGalgotia publication pvt ltd ,
_c1992.
300 _a453 ; .
365 _a176.00
504 _a
942 _cBK
999 _c9463
_d9463